00632nab a2200169uuc4500001000800000005001700008008004100025035001200066040001300078041000800091100004600099245007900145650003200224773017700256942001000433999001900443141267420240907091927.0150619e20001205 spa  a1412674 ccomduadb aspa10aConstenla Umana, Adolfo4auteaut950840313aLa Restitución : un Método lingüístico reconstructivo sincrónico 7aLingüística2lemb969190 tRevista de Filología y Linguística de la Universidad de Costa Rica (San José)gVolumen 26, Número 02, Julio-Diciembre de 2000, pp. 161-180w319057z0377628X0104100 cARIMP c719152d719152